Public projects and their major sources of financing in Poland after the accession into the European Union the case of the Silesian Voivodship : [absztrakt] /

Elmentve itt :
Bibliográfiai részletek
Szerzők: Czempas Jan
Tworek Piotr
Testületi szerző: Challenges for Analysis of the Economy, the Businesses, and Social Progress International Scientific Conference
Dokumentumtípus: Könyv része
Megjelent: Universitas Szeged Press Szeged 2009
Sorozat:Challenges for Analysis of the Economy, the Businesses, and Social Progress : abstract book
Kulcsszavak:Beruházáspolitika - Lengyelország - 21. sz. - előadáskivonat
Tárgyszavak:
Online Access:http://acta.bibl.u-szeged.hu/77164
LEADER 01206naa a2200241 i 4500
001 acta77164
005 20221121140216.0
008 221121s2009 hu o 1|| eng d
020 |a 978-963-88468-3-9 
040 |a SZTE Egyetemi Kiadványok Repozitórium  |b hun 
041 |a eng 
100 1 |a Czempas Jan 
245 1 0 |a Public projects and their major sources of financing in Poland after the accession into the European Union   |h [elektronikus dokumentum] :  |b the case of the Silesian Voivodship : [absztrakt] /  |c  Czempas Jan 
260 |a Universitas Szeged Press  |b Szeged  |c 2009 
300 |a 140 
490 0 |a Challenges for Analysis of the Economy, the Businesses, and Social Progress : abstract book 
650 4 |a Társadalomtudományok 
650 4 |a Közgazdasági és gazdálkodástudományok 
650 4 |a Politikatudomány 
695 |a Beruházáspolitika - Lengyelország - 21. sz. - előadáskivonat 
700 0 1 |a Tworek Piotr  |e aut 
711 |a Challenges for Analysis of the Economy, the Businesses, and Social Progress International Scientific Conference  |c Szeged  |d 2009. november 19-21. 
856 4 0 |u http://acta.bibl.u-szeged.hu/77164/1/challenges_for_analysis_of_the_economy_140.pdf  |z Dokumentum-elérés